Investigations on early opening of rubber trees for tapping- A preliminary report (Record no. 61648)

MARC details
000 -LEADER
fixed length control field 00425nam a2200133Ia 4500
100 ## - MAIN ENTRY--AUTHOR NAME
Personal name Tiong G L
245 #0 - TITLE STATEMENT
Title Investigations on early opening of rubber trees for tapping- A preliminary report
260 ## - PUBLICATION, DISTRIBUTION, ETC. (IMPRINT)
Name of publisher Proceedings of the RRIM Rubber Growers Conference, Ipoh, Perak 1986; p240-258
650 ## - SUBJECT ADDED ENTRY--TOPICAL TERM
Topical Term Rubber
650 ## - SUBJECT ADDED ENTRY--TOPICAL TERM
Topical Term Tapping system
700 ## - ADDED ENTRY--PERSONAL NAME
Personal name Kheng C O
942 ## - ADDED ENTRY ELEMENTS (KOHA)
Koha item type Journals
Holdings
Withdrawn status Lost status Damaged status Not for loan Home library Current library Shelving location Date acquired Koha item type
      Journals RRII Library RRII Library Physiology 17/12/2021 Journals